000
00253nam a2200109Ia 4500
082
_a
621.381
_b
GUP
100
_a
Gupta,J.B
245
_a
Fundamentals analog electronics
260
_b
S.K. Kataria & SONS
_a
N.Delhi
_c
2011
300
_a
459p.
942
_2
ddc
_c
BK
999
_c
5747
_d
5747